000
00239nam a2200097Ia 4500
008
240331s9999 xx 000 0 und d
082
_b
CAL
100
_a
Govt. Translation Dep. ed
245
0
_a
Kalai chotcalporiliyat chottroguthi
942
_c
L
999
_c
5407
_d
5407